00665 2200229 4500001002100000005001500021035002000036007000300056008004100059100002300100245013300123250001100256300002000267020002200287082001200309084001900321260003200340600002400372990001300396990001300409990001300422INLIS00000000000834420251227120021 a0010-0322000363ta241212 g 0 ind 0 aSiti Normi Sinurat1 aMANAJEMEN SUMBER DAYA MANUSIA :bKepemimpinan transformasional budaya organisasi dan kompetensi manajerial /cSiti Normi Sinurat aCet. 1 a80 hlm ;c24 cm a978-623-6476-51-2 a658.301 a658.301 SIT m aYogyakarta :bexpert,c2021 4asumber daya manusia a022.7749 a022.7750 a022.7751